Power to the people (Record no. 66590)

MARC details
000 -LEADER
fixed length control field 01215cam a2200241 4500
001 - CONTROL NUMBER
control field ABS63772
008 - FIXED-LENGTH DATA ELEMENTS--GENERAL INFORMATION
fixed length control field 000000n2001 000 0 eng u
035 ## - SYSTEM CONTROL NUMBER
System control number (Sirsi) u111764
100 ## - MAIN ENTRY--PERSONAL NAME
Personal name Creasey, S.
245 ## - TITLE STATEMENT
Title Power to the people
260 ## - PUBLICATION, DISTRIBUTION, ETC.
Date of publication, distribution, etc. 2001
490 ## - SERIES STATEMENT
Series statement Property Week
Volume/sequential designation 66(13) 30 March 2001, 45-48(4)
520 ## - SUMMARY, ETC.
Summary, etc. Special feature on regeneration. Looks at the implications of the granting of 'third developer status' to community groups in the £1.5bn regeneration of the Elephant and Castle district of London. Describes reactions to this move, which establishes a three-way decision-making process and may lead to changes in the consultation process for other regeneration projects in London. Looks at the structure of the Elephant Links Partnership Board - the body set up to represent the local community during the consultation process. Describes the part played by the Community Forum, which has five votes on the Partnership Board.
590 ## - LOCAL NOTE (RLIN)
Local note ABS
650 ## - SUBJECT ADDED ENTRY--TOPICAL TERM
Topical term or geographic name entry element ELEPHANT AND CASTLE
650 ## - SUBJECT ADDED ENTRY--TOPICAL TERM
Topical term or geographic name entry element LONDON
650 ## - SUBJECT ADDED ENTRY--TOPICAL TERM
Topical term or geographic name entry element CONSULTATION PROCESS
650 ## - SUBJECT ADDED ENTRY--TOPICAL TERM
Topical term or geographic name entry element LOCAL COMMUNITY
650 ## - SUBJECT ADDED ENTRY--TOPICAL TERM
Topical term or geographic name entry element DEVELOPER STATUS
650 ## - SUBJECT ADDED ENTRY--TOPICAL TERM
Topical term or geographic name entry element URBAN REGENERATION
690 ## - LOCAL SUBJECT ADDED ENTRY--TOPICAL TERM (OCLC, RLIN)
Topical term or geographic name as entry element REGENERATION
942 ## - ADDED ENTRY ELEMENTS (KOHA)
Suppress in OPAC 0
Holdings
Withdrawn status Lost status Source of classification or shelving scheme Damaged status Not for loan Home library Current library Shelving location Date acquired Total Checkouts Full call number Barcode Date last seen Copy number Price effective from Koha item type
    Dewey Decimal Classification     London London Journal article 03/04/2001   ABS63772 111764-1001 06/08/2019 1 06/08/2019 Journal article